Conan Gray Fan Quiz - Statistics

General Stats
  • This quiz has been taken 31 times
  • The average score is 6 of 11
Answer Stats
Hint Answer % Correct
What's his favourite fruit? Apple
77%
Who did he open for? The Jonas Brothers
73%
Who is his first ex? Vecna
69%
Who does Conan wish he was? Heather
65%
What is his star sign? Sagittarius
62%
How many times did he move throughout his childhood? 12
54%
What famous London street is alley rose name after? Abbey Road
54%
What did Conan used to want to be as a child? Biology Teacher
54%
What was the name of the supermarket in Never Ending Song music video? Food Heaven
46%
What was the name of his show with Ashley? The Ash and Cone Cooking Show
38%
What is he scared of? Sharks
27%
No matching quizzes found
Score Distribution
Percent of People with Each Score
Percentile by Number Answered
Your Score History
You have not taken this quiz